000 004530000a22001810004500
003 MACL
005 20150813122706.0
008 150813b xxu||||| |||| 00| 0 eng d
040 _aMACL
_cMACL
041 _aEnglish
082 _a403/GRA
100 _aGraham, E.C.
_95212
245 _aEncyclopaedia Of Scientific Terms
260 _bCrest Publishing House
_c1993
_aNew Delhi
350 _a750
650 _aEncyclopaedia
_95213
942 _cBK
_k403
_2ddc
999 _c4879
_d4879